000 00765nam a2200265 i 4500
001 C2-0318468
003 PPAK
005 20180728114421.0
008 121009s2012 my a|||| ||||| | may d
020 _a9789675450419
040 _aPPAK
_beng
_cPPAK
_erda
082 0 4 _a499.2386
_223
090 0 0 _a499.2386
_bAHM
_dK
100 0 _aAhmad Zaid,
_eauthor
245 1 0 _aHari pertama Hasnah ke sekolah
264 1 _aPasir Mas, Kelantan :
_bPustaka Sukses ,
_c2012
300 _a24 pages :
_bcolour illustrations ;
_c25 cm
336 _2rdacontent
_atext
337 _2rdamedia
_aunmediated
338 _2rdacarrier
_avolume
490 1 _aSiri bacaan kuasai jawi
650 1 0 _aMalay language - Readers.
830 0 _aSiri bacaan kuasai jawi
942 _ddc
_cB
999 _c119428
_d119428